|
|
|
|
| LEADER |
00000nam0a2200000 4500 |
| 001 |
49194 |
| 005 |
20231031032522.0 |
| 010 |
|
|
|a 5900357732
|
| 035 |
|
|
|a (RuTPU)RU\TPU\book\51515
|
| 090 |
|
|
|a 49194
|
| 100 |
|
|
|a 20030326d2002 m y0rusy50 ca
|
| 101 |
0 |
|
|a rus
|
| 102 |
|
|
|a RU
|
| 105 |
|
|
|a a j 001zy
|
| 200 |
1 |
|
|a Двигатели внутреннего сгорания для производства геологоразведочных работ и основы технической термодинамики
|e учебное пособие для вузов
|f В. В. Алексеев, В. Д. Акимов, Н. П. Пинчук
|g Министерство природных ресурсов Российской Федерации
|
| 210 |
|
|
|a Москва
|c Геоинформмарк
|d 2002
|
| 215 |
|
|
|a 371 с.
|c ил.
|
| 320 |
|
|
|a Библиогр.: с. 370-371
|
| 610 |
1 |
|
|a двигатели внутреннего сгорания
|
| 610 |
1 |
|
|a техническая термодинамика
|
| 610 |
1 |
|
|a геологоразведочные работы
|
| 610 |
1 |
|
|a классификация
|
| 610 |
1 |
|
|a устройства
|
| 610 |
1 |
|
|a эксплуатация
|
| 610 |
1 |
|
|a экономические показатели
|
| 610 |
1 |
|
|a топливо
|
| 610 |
1 |
|
|a учебные пособия
|
| 675 |
|
|
|a 621.431.7(075.8)
|v 3
|
| 700 |
|
1 |
|a Алексеев
|b В. В.
|g Виталий Васильевич
|
| 701 |
|
1 |
|a Акимов
|b В. Д.
|g Вадим Дмитриевич
|
| 701 |
|
1 |
|a Пинчук
|b Н. П.
|g Николай Петрович
|
| 712 |
0 |
1 |
|a Министерство природных ресурсов Российской Федерации
|2 stltpush
|3 (RuTPU)RU\TPU\col\1621
|
| 801 |
|
1 |
|a RU
|b 63413507
|c 20030326
|g PSBO
|
| 801 |
|
2 |
|a RU
|b 63413507
|c 20150626
|g PSBO
|
| 900 |
|
|
|a Техническая термодинамика
|
| 900 |
|
|
|a Месторождения полезных ископаемых
|
| 942 |
|
|
|c BK
|
| 952 |
|
|
|b 080700
|